000 005460000a22001930004500
003 LK-CoMWRAF
005 20231022134052.0
008 230817t ||||| |||| 00| 0 eng d
020 _a9960717283
040 _aLK-CoMWRAF
_dLK-CoMWRAF
_eLK-CoMWRAF
041 _aeng
082 _a291
_bQAS
110 _aQasmi, Shahid Zafar
245 _aQuestions and answers on the mothers of believers :
_b(May Allah be pleased with them)
260 _aSaudi Arabia(Riyadh) :
_bDarussalam,
_c1997
300 _a112p. : 21cm.
650 _aIslam
942 _cBK
999 _c881
_d881